• 首页
  • 本馆介绍
  • 公告通知
  • 最新文献
  • 馆藏检索
  • 电子资源
  • 读者导购
  • 参考咨询
  • 我的图书馆
  • 登录
  • 详细信息显示
  • 放入我的书架
  • 预约/预借图书
  • 作者相关作品
  • 分类相关作品
  • 丛书相关作品
  • 出版社相关作品

书目信息

  • 表格格式
  • 工作单格式
  • 卡片格式
题名:
破云
    
 
作者: 淮上 原著 ;银狐之殇 编绘 ;一麻袋小猫漫画工作室 编绘
分册: 1  
出版信息: 北京   九州出版社  2022
页数: 217页
开本: 21cm
丛书名:
单 册:
中图分类: J228.2
科图分类:
主题词: 漫画--连环画--中国--现代
电子资源:
ISBN: 978-7-5225-0816-0
000 00751nam0 2200241 450
001 0100139522
005 20220927121729.0
010    @a978-7-5225-0816-0@dCNY45.00
100    @a20220909d2022 em y0chiy0120 ea
101 0  @achi
102    @aCN@b110000
105    @aa t 000yy
106    @ar
200 1  @a破云@9Po Yun @f淮上原著@g一麻袋小猫漫画工作室,银狐之殇编绘@h1@b专著
210    @a北京@c九州出版社@d2022
215    @a217页@d21cm
606 0  @a漫画@x连环画@y中国@z现代
690    @aJ228.2@v5
701  0 @a淮上@9huai shang@4原著
702  0 @a银狐之殇@9yin hu zhi shang@4编绘
712 02 @a一麻袋小猫漫画工作室@9yi ma dai xiao mao man hua gong zuo shi@4编绘
801    @aCN@baizhi@c20221011
905    @aBZT@dI247.56@e327:1@f1@sI247.56/327:1
    
    破云/淮上原著/一麻袋小猫漫画工作室,银狐之殇编绘.1.-北京:九州出版社,2022
    217页;21cm
    
    
    ISBN 978-7-5225-0816-0:CNY45.00
    
●
相关链接 在五车中查询图书 在当当中查询图书 在豆瓣中查询图书


正题名:破云     索取号:I247.56/327:1         预约/预借

序号 登录号 条形码 馆藏地/架位号 状态 备注
1 2000152986   2000152986   旧书回溯/ [索取号:I247.56/327:1] 在馆    
山东省滨州职业学院图书馆 欢迎您!
大连网信软件有限公司© 版权所有